000
00237nam a22000977a 4500
005
20260327112356.0
100
_a
Jose, R.
245
_a
Puthiya marangal tappinginayi maarkkucheyyam
260
_b
Rubber, 718(March): 16-18. 2026
942
_c
JS
999
_c
75894
_d
75894